<?xml version="1.0" encoding="UTF-8"?>
<record
    xmlns:xsi="http://www.w3.org/2001/XMLSchema-instance"
    xsi:schemaLocation="http://www.loc.gov/MARC21/slim http://www.loc.gov/standards/marcxml/schema/MARC21slim.xsd"
    xmlns="http://www.loc.gov/MARC21/slim">

  <leader>00645nam  22002173  4500</leader>
  <controlfield tag="001">202111</controlfield>
  <datafield tag="021" ind1=" " ind2=" ">
    <subfield code="a">PT</subfield>
    <subfield code="b">16 748/87</subfield>
  </datafield>
  <datafield tag="090" ind1=" " ind2=" ">
    <subfield code="a">202111</subfield>
  </datafield>
  <datafield tag="100" ind1=" " ind2=" ">
    <subfield code="a">20250320d        u||y0pory50      ba</subfield>
  </datafield>
  <datafield tag="101" ind1=" " ind2=" ">
    <subfield code="a">por</subfield>
  </datafield>
  <datafield tag="102" ind1=" " ind2=" ">
    <subfield code="a">PT</subfield>
  </datafield>
  <datafield tag="200" ind1=" " ind2=" ">
    <subfield code="a">Espa&#xE7;o do invis&#xED;vel</subfield>
    <subfield code="f">Verg&#xED;lio Ferreira</subfield>
  </datafield>
  <datafield tag="210" ind1=" " ind2=" ">
    <subfield code="a">Lisboa </subfield>
    <subfield code="c">Imprensa Nacional Casa da Moeda</subfield>
    <subfield code="d">imp. 1987</subfield>
  </datafield>
  <datafield tag="215" ind1=" " ind2=" ">
    <subfield code="a">4 v. (314, [3] p.)</subfield>
    <subfield code="c">il.; brochado</subfield>
    <subfield code="d">24 cm</subfield>
  </datafield>
  <datafield tag="225" ind1=" " ind2=" ">
    <subfield code="a">Temas portugueses</subfield>
  </datafield>
  <datafield tag="606" ind1=" " ind2=" ">
    <subfield code="9">1822</subfield>
    <subfield code="a">Literatura Portuguesa Ensaio</subfield>
  </datafield>
  <datafield tag="675" ind1=" " ind2=" ">
    <subfield code="a">82.134.3-4"19"</subfield>
    <subfield code="v">PT</subfield>
    <subfield code="z">por</subfield>
  </datafield>
  <datafield tag="700" ind1=" " ind2=" ">
    <subfield code="9">1045</subfield>
    <subfield code="a">Ferreira</subfield>
    <subfield code="b">Verg&#xED;lio</subfield>
    <subfield code="f">1916-1996</subfield>
  </datafield>
  <datafield tag="801" ind1=" " ind2=" ">
    <subfield code="a">PT</subfield>
    <subfield code="b">BMMN</subfield>
    <subfield code="g">RPC</subfield>
  </datafield>
  <datafield tag="830" ind1=" " ind2=" ">
    <subfield code="c">Ana Falardo</subfield>
    <subfield code="f">Ana Falardo</subfield>
  </datafield>
  <datafield tag="990" ind1=" " ind2=" ">
    <subfield code="c">LIVROS</subfield>
  </datafield>
  <datafield tag="995" ind1=" " ind2=" ">
    <subfield code="0">0</subfield>
    <subfield code="2">0</subfield>
    <subfield code="5">2026-05-11</subfield>
    <subfield code="9">31813</subfield>
    <subfield code="b">BMMN</subfield>
    <subfield code="f">31533</subfield>
    <subfield code="k">82.134.3-4 FER|SAF</subfield>
    <subfield code="o">0</subfield>
    <subfield code="r">LIVROS</subfield>
    <subfield code="u">Acesso Condicionado</subfield>
    <subfield code="s">Oferta</subfield>
  </datafield>
</record>
